000 00383nam a22001457a 4500
003 macl
005 20190731162418.0
008 190731b xxu||||| |||| 00| 0 eng d
040 _cmacl
100 _aRajput P S
_976068
245 _aRole of Libraries in Indian Culture and Management
260 _aDelhi
_bShree Kala Pra
_c2014
650 _aLibray Science
_976069
942 _2ddc
_cBK
999 _c60620
_d60620